1918 1408 1409 1996 1399 1130 1362 1992 1534 1897 1633 1317 1577 1060 1794 1636 1913 1423 1885 1867 1125 1088 1888 1683 1188 1008 1588 1612 1096 1031 1631 1602 1711 1866 1444 1879 1730 1056 1047 1038 1319 1056 1373 1071 1342 1359 1771 1517 1987 1076 1114 2000 1923 1461 1795 1205 1547 1021 1931 1389 1196 1246 1710 1448 1145 1126 1479 1103 1181 1370 1064 1090 1837 1531 1204 1041 1670 1366 1050 1075 1338 1455 1327 1217 1122 1484 1162 1799 1685 1767 1250 1289 1095 1299 1470 1340 1576 1624 1353 BCNSPRNW ULIB Ver.6.0+V

เปลี่ยนเป็นภาษาไทย

Change to English
 แสดงรายละเอียดบรรณานุกรม
  กลับหน้าหลัก

Brief Record : Get Marc (ISO 2709) : E-mail record : QR code < ปิดหน้าต่าง
LEADER : 00000nam 2200000uu 4500
001    13399114974
003     ULIB
008    120626s2546||||th 000 0 tha d
020    ^a9789749169919 (ชุด 1)
020    ^a9789749167786 (ชุด 2)
090    ^aรส^bม686ร ล.1-2 2546
245 00 ^aเรื่องสั้นคัดสรร ชุด 1 /^cมูลนิธิสถาบันวิชาการ 14 ตุลา
250    ^aพิมพ์ครั้งที่ 1
260    ^aกรุงเทพฯ :^bมูลนิธิสถาบันวิชาการ 14 ตุลา,^c2546
300    ^a2 เล่ม ;^c21 ซม.
490 0  ^aหนังสือชุด ตุลาวรรณกรรม
500    ^aชุดทึ่ 1-2 = เล่ม 1-2
500    ^aฉลองครบรอบ 30 ปี 14 ตุลา : 2516-2546 ร่วมวาระประวัติศาสตร์ วัน 14 ตุลา ประชาธิปไตย
650  4 ^aเรื่องสั้นไทย
650  4 ^aเรื่องสั้นไทย^xรวมเรื่อง
710 2  ^aมูลนิธิสถาบันวิชาการ 14 ตุลา
945    ^p0^l0^i14347
945    ^p0^l0^i14361
995    ^aกัณชพร
999 ^a ใช้งานได้ทุกระบบ
รายการนี้ยังไม่มีแท็ก
คุณยังไม่ได้ล็อกอิน คุณสามารถมีกิจกรรมร่วมกับเว็บไซต์ได้ แต่ต้องล็อกอินก่อน ::
  ล็อกอิน

รายการสื่อสารสนเทศ

ลำดับที่ ประเภท เลขเรียก/บาร์โค้ด สถานที่ สถานะ
1. นวนิยาย
นวนิยาย
รส ม686ร ล.1-2 2546  
  Barcode: 14347
ห้องสมุดวิทยาเขตสวรรค์ประชารักษ์
►นวนิยาย
บนชั้น
  ขอยืม
2. นวนิยาย
นวนิยาย
รส ม686ร ล.1-2 2546 ฉ.2 
  Barcode: 14361
ห้องสมุดวิทยาเขตสวรรค์ประชารักษ์
►นวนิยาย
บนชั้น
  ขอยืม

รายการใกล้เคียง
    หัวเรื่อง [เรื่องสั้นไทย]

BibComment


ยังไม่เคยถูกคอมเมนท์

คอมเมนท์ทรัพยากรรายการนี้
  คอมเมนท์: เรื่องสั้นคัดสรร..


 Copyright 2026. Bcnsprnw @Library